000 00650nam a2200229Ia 4500
003 OSt
005 20220925235319.0
006 a|||||r|||| 00| 0
007 ta
008 220923b |||||||| |||| 00| 0 eng d
037 _cGeneral Book
040 _aRTL
_cRTL
_beng
041 _2eng
_aeng
082 _aU43.49G.N8, M8
100 _aSharma R C
_95853
245 0 _aSouth Asian Urban experience
260 _a New Delhi
_bCriterian Publication India
_c1988
300 _axxxii,344p
_ccm.
650 _aUrban Geography-South Asia
_9301180
942 _hU43.49G.N8, M8
_cGB
_2CC
999 _c597113
_d597113